000 00766nam a22002417a 4500
005 20170124110237.0
010 _aB-181224
020 _c495.00
_a8174790608
035 _aB-181224
037 _bCen Lib/Ret
040 _aDPL
_bEN
082 _a363.2
_bVAD
100 _aVadackumchery, James
_9107679
245 _aPolicing the police :
_cby James Vadackumchery
_ba nation's cry /
246 _b
260 _bKaveri Books
_c2003
_aNew Delhi
270 _a4697/5-21A, Ansari Road
_bNew Delhi
_e110002
300 _avii,287p.
_c20cm(Hb)
500 _aIncludes bibliographical references and index
650 _aPolice -- Public opinion
_942264
650 _aPolice administration -- Public opinion
_942265
942 _2ddc
_cEN
_h363.2
_mVAD
999 _c134956
_d134956